<?xml version="1.0" encoding="UTF-8"?>
<marc:record xmlns:marc="http://www.loc.gov/MARC21/slim">
   <marc:leader>00000nam a2200000 a 4500</marc:leader>
   <marc:datafield ind1="1" ind2=" " tag="100">
      <marc:subfield code="a">Alsterdal, Tove</marc:subfield>
      <marc:subfield code="4">aut</marc:subfield>
      <marc:subfield code="e">Verfasser/-in</marc:subfield>
   </marc:datafield>
   <marc:datafield ind1="0" ind2="0" tag="245">
      <marc:subfield code="a">Tödliches Schweigen</marc:subfield>
   </marc:datafield>
   <marc:datafield ind1="0" ind2="0" tag="245">
      <marc:subfield code="b">Kriminalroman</marc:subfield>
   </marc:datafield>
   <marc:datafield ind1="0" ind2="0" tag="245">
      <marc:subfield code="c">Tove Alsterdal ; aus dem Schwedischen von Ursel Allenstein</marc:subfield>
   </marc:datafield>
   <marc:datafield ind1=" " ind2="1" tag="264">
      <marc:subfield code="a">Köln</marc:subfield>
      <marc:subfield code="b">Bastei Lübbe Taschenbuch</marc:subfield>
   </marc:datafield>
   <marc:datafield ind1="1" ind2=" " tag="520">
      <marc:subfield code="a">Angaben aus der Verlagsmeldung

Tödliches Schweigen : Kriminalroman I tystnaden begravd / von Tove Alsterdal

Es herrscht eisige Kälte, als Lars-Erkki Svanberg, ehemals der beste Skilangläufer des Nordens, brutal mit einer Axt erschlagen wird. Warum ermordet jemand einen kauzigen Einzelgänger, der seit Jahren zurückgezogen auf seinem Hof lebt? Zur gleichen Zeit erschießt in St. Petersburg ein russischer Mafiosi einen Freund und flieht Richtung Schweden. Während die Kälte am Polarkreis immer beißender wird, laufen die Fäden in Lars-Erkkis Dorf in Nordschweden zusammen. Und ein weiterer Mord geschieht ...
</marc:subfield>
   </marc:datafield>
   <marc:datafield ind1=" " ind2=" " tag="020">
      <marc:subfield code="a">9783404172740</marc:subfield>
      <marc:subfield code="9">9783404172740</marc:subfield>
   </marc:datafield>
   <marc:datafield ind1=" " ind2=" " tag="020">
      <marc:subfield code="a">3404172744</marc:subfield>
      <marc:subfield code="9">3404172744</marc:subfield>
   </marc:datafield>
   <marc:datafield ind1=" " ind2=" " tag="041">
      <marc:subfield code="a">ger</marc:subfield>
   </marc:datafield>
   <marc:datafield ind1=" " ind2=" " tag="300">
      <marc:subfield code="a">380 Seiten</marc:subfield>
   </marc:datafield>
</marc:record>
